| 000 | 00990nam a22002537a 4500 | ||
|---|---|---|---|
| 001 | 000203508 | ||
| 003 | AM-YeHGA | ||
| 005 | 20250617124014.0 | ||
| 008 | 980904s1987 ru ||||| |||| 00| 0 rus d | ||
| 040 | _aAM-YeHGA | ||
| 041 | 0 | _arus | |
| 245 | 0 | 0 |
_aФормирование оползней, селей и лавин. Инженерная защита территорий / _c[В.С. Федоренко, В.Ф. Перов, Т.Ю. Сидорова и др.] ; Под ред. Г.С. Золотарева и др. |
| 260 | 0 |
_aМосква : _bМГУ, _c1987. |
|
| 300 |
_a179,[1] с. : _bил. ; _c24 см. |
||
| 650 | 1 | 4 | _aОползни |
| 650 | 1 | 4 | _aСелевые потоки |
| 650 | 4 | _aСнежные лавины | |
| 700 | 1 | _aПеров, В.Ф. | |
| 700 | 1 | _aСидоров, Т.Ю. | |
| 700 | 1 |
_aЗолотарев, Георгий Сергеевич _4edt |
|
| 700 | 1 |
_aԳրիգորյան, Սամվել Սամվելի, _d1929- _4edt |
|
| 942 |
_2udc _cBK |
||
| 090 | _c71703 | ||
| 999 |
_c70506 _d70506 |
||